Nakshatragale nivu yaru? (Record no. 115828)
[ view plain ]
| 000 -LEADER | |
|---|---|
| fixed length control field | 00711nam a2200193Ia 4500 |
| 003 - CONTROL NUMBER IDENTIFIER | |
| control field | OSt |
| 005 - DATE AND TIME OF LATEST TRANSACTION | |
| control field | 20251105114043.0 |
| 008 - FIXED-LENGTH DATA ELEMENTS--GENERAL INFORMATION | |
| fixed length control field | 210210b2002 xxu||||| |||| 00| 0 eng d |
| 040 ## - CATALOGING SOURCE | |
| Transcribing agency | AL |
| 041 ## - LANGUAGE CODE | |
| Language code of text/sound track or separate title | Kannada |
| 082 ## - DEWEY DECIMAL CLASSIFICATION NUMBER | |
| Classification number | K894.1 JAYN |
| 100 ## - MAIN ENTRY--PERSONAL NAME | |
| Personal name | JAYAPPA ( M C) |
| 9 (RLIN) | 139243 |
| Dates associated with a name | ಜಯಪ್ಪ (ಎಂ ಸಿ) |
| 245 ## - TITLE STATEMENT | |
| Title | Nakshatragale nivu yaru? |
| Remainder of title | Nisarga gitegalu mattu bhavagitegala sankalana |
| Statement of responsibility, etc. | ನಕ್ಷತ್ರಗಳೇ ನೀವು ಯಾರು? ನಿಸರ್ಗ ಗೀತೆಗಳು ಮತ್ತು ಭಗವದ್ಗೀತೆಗಳ ಸಂಕಲನ |
| 260 ## - PUBLICATION, DISTRIBUTION, ETC. | |
| Place of publication, distribution, etc. | Kodagu |
| Name of publisher, distributor, etc. | Purnima Prakashana |
| Date of publication, distribution, etc. | 2002 |
| 300 ## - PHYSICAL DESCRIPTION | |
| Extent | viii,66 |
| 690 ## - LOCAL SUBJECT ADDED ENTRY--TOPICAL TERM (OCLC, RLIN) | |
| Topical term or geographic name as entry element | Kannada Poetry |
| 9 (RLIN) | 139244 |
| 906 ## - LOCAL DATA ELEMENT F, LDF (RLIN) | |
| a | 061989 |
| 942 ## - ADDED ENTRY ELEMENTS (KOHA) | |
| Source of classification or shelving scheme | Dewey Decimal Classification |
| Koha item type | Book |
| Withdrawn status | Lost status | Source of classification or shelving scheme | Damaged status | Not for loan | Collection code | Home library | Current library | Date acquired | Source of acquisition | Cost, normal purchase price | Total Checkouts | Full call number | Barcode | Date last seen | Price effective from | Koha item type |
|---|---|---|---|---|---|---|---|---|---|---|---|---|---|---|---|---|
| Dewey Decimal Classification | Kannada | St Aloysius Library | St Aloysius Library | 02/17/2021 | Purnima Prakashana, Kodagu-571235 | 50.00 | K894.1 JAYN | 061988 | 02/17/2021 | 02/17/2021 | Book | |||||
| Dewey Decimal Classification | Kannada | St Aloysius Library | St Aloysius Library | 02/17/2021 | Purnima Prakashana, Kodagu-571235 | 50.00 | K894.1 JAYN | 061989 | 02/17/2021 | 02/17/2021 | Book |